000 00290nam a2200121 a 4500
008 101025s1986|||| d
100 1 _aIbráhím, Džabrá
245 1 0 _aSvet, ktroý nieje na mape
260 _bTatran
_aBratislava
_c1986
020 _c25
041 _aslo
044 _axo
_cSK
999 _c12198
_d12198